Statistics for Things That are Round by Picture

Click here to take the quiz!

General Stats

  • This quiz has been taken 120 times
  • The average score is 16 of 20

Answer Stats

Answer % Correct
Pizza
100%
Clock
100%
Earth
99%
Compact Disc / DVD
99%
Coin / Penny
98%
Tyre
97%
Drum
97%
Orange
97%
Dart Board
96%
Compass
96%
Yo-yo
95%
Button
94%
Marble
90%
Contact Lens
90%
Lifebuoy
65%
Protractor
62%
London Eye
52%
O2 Arena / Millenium Dome
41%
Bangladesh
39%
The One Ring
32%

Score Distribution

Percentile by Number Answered

Percent of People with Each Score

Your Score History

You have not taken this quiz